000 00417nam a2200145 i 4500
001 bg
100 1 _aJasiński, Andrzej
_d(1932-1980).
245 0 _aAtlas ultrastruktury komórek kręgowców /
_cAndrzej Jasiński, Wincenty Kilarski.
260 _aWarszawa,
_c1981.
700 1 _aKilarski, Wincenty Michał
_d(1931- ).
040 _cBPK
041 _apol
942 _cKS
008 s pl f |000 0 pol
999 _c20139
_d20139
856 _uhttp://koha.tu.koszalin.pl/cgi-bin/koha/opac-detail.pl?biblionumber=20139
_yKatalog online BPK